[Event "FIDE-Online-Steinitz-Memorial-Women"]
[Site "Internet"]
[Date "2020.05.16"]
[Round "9"]
[White "Cori T., Deysi"]
[Black "Lei, Tingjie"]
[Result "0-1"]
[WhiteElo "2391"]
[BlackElo "2530"]
[Annotator "TA"]
[PlyCount "150"]
[EventDate "2020.05.15"]
[EventType "tourn"]
[SourceTitle "playchess.com"]
[Source "ChessBase"]
[SourceQuality "1"]

{[%evp 11,150,28,31,0,0,8,35,34,42,9,15,14,16,25,21,7,55,47,66,72,126,111,108,109,112,103,120,83,128,118,97,43,68,79,74,64,88,32,103,95,93,0,0,0,-2,-53,-50,-112,-119,-115,-118,-118,-131,-134,-108,-95,-92,-92,-96,-104,-103,-103,-103,-102,-86,-86,-86,-124,-121,-137,-92,-210,-89,-93,-16,-102,-46,-179,-178,-230,-201,-340,-340,-381,-381,-367,-142,-791,-791,-730,-628,-737,-720,-693,-626,-674,-675,-682,-663,-599,-489,-542,-443,-443,-355,-1639,-1619,-1410,-1447,-1447,-1372,-4435,-4269,-4262,-4236,-4236,-3464,-3422,-3422,-475,0,-4236,-453,-29982,-29982,-29983,-29984,-29986,-29984,-29983,-453,-29980,-29981,-29983,-29983,-29983,-29984,-29985,-29984,-29989,-887]} 1. d4 Nf6 2. c4 g6 3. Nc3 d5 4. cxd5 Nxd5 5. e4 Nxc3 6. bxc3 Bg7 7. Bg5 {D85: Exchange Grünfeld: Unusual White 7th moves and lines with 7 Nf3.} O-O 8. Nf3 h6 9. Be3 {White is slightly better.} c5 10. Rc1 Qa5 11. Qd2 cxd4 12. cxd4 Qxd2+ 13. Nxd2 Nc6 {[#]} 14. d5 $146 {[%mdl 2048] Black is under pressure.} ({Predecessor:} 14. Nb3 e6 15. Bb5 Rd8 16. Bxc6 bxc6 17. O-O Bd7 18. e5 Bf8 19. Rfd1 Kg7 20. g4 {½-½ (36) Battey,A (2260)-Bagi,M (2238) Budapest 2011}) 14... Na5 15. Bc5 Bf6 (15... Bd7 $142) 16. f4 Rd8 17. Bb4 b6 18. Rc7 Rd7 19. Rxd7 Bxd7 20. e5 Bg7 21. Ba6 (21. Bxe7 $16 {Hoping for Kf2.} Rc8 22. Kd1) 21... e6 22. d6 f6 23. Nf3 g5 24. fxg5 (24. O-O $16) 24... hxg5 {[#]} (24... fxg5 $14 25. h3 Nc6) 25. Bc3 $1 $16 fxe5 26. Nxe5 (26. Nxg5 $16 Nc6 27. O-O) 26... Nc6 $11 27. Nxd7 Bxc3+ 28. Kf2 (28. Kd1 $1 $11 Rd8 29. Bc4) 28... Rd8 $15 29. Bb5 (29. Rc1 $15 Rxd7 30. Rxc3 Rxd6 31. Rd3) 29... Rxd7 $17 30. Bxc6 Rxd6 {[%mdl 4096] Endgame KRB-KRB} 31. Ba4 Rd2+ 32. Kf3 Rxa2 33. Bb3 Rb2 34. Bxe6+ Kg7 35. Rc1 Be5 36. h3 a5 37. Ke4 Bf4 38. Rc6 a4 39. Kf5 Rb5+ 40. Kg4 a3 41. Rc8 (41. h4 $17) 41... Ra5 (41... Kf6 $19 42. Rc6 Ke7) 42. Ba2 b5 (42... Bd2 $17 43. Rc7+ Kf8) 43. Rc6 (43. h4 $11 {keeps the balance.}) 43... b4 {White is on the road to losing.} ({Black should try} 43... Ra4 $17 44. g3 Bd2+ 45. Kf5 b4) 44. Rb6 ({White should play} 44. h4 $15) 44... Bd2 $19 45. Kh5 (45. g3 {was necessary.}) 45... Rc5 46. g4 (46. g3 $142) 46... Rc3 {[%cal Rc3h3]} 47. Rb7+ Kf6 {[%cal Rc3h3]} 48. Rb6+ Ke5 $2 (48... Ke7 $19 {and Black stays clearly on top. Threatens to win with ...Kd7.} 49. Kg6 Rxh3) 49. Kg6 $2 {[%mdl 8192]} (49. Rb5+ $17 Kf4 50. Rxb4+ Kg3 51. Re4) 49... Rc2 50. Bb3 Rb2 ({Weaker is} 50... a2 51. Rb5+ Kd4 52. Ra5 $17) 51. Bc4 Kd4 52. Bf7 Be3 53. Rd6+ Kc3 54. Re6 Bf4 55. Rc6+ Kd4 56. Kf5 a2 57. Ra6 b3 {[#]} 58. h4 $2 (58. Bxb3 $1 {[%mdl 512]} Rxb3 59. Ra4+ Kc5 60. Ra5+ Kb4 61. Rxa2 Rxh3 62. Rg2) 58... Rb1 59. Bxb3 a1=Q ({Not} 59... Rxb3 60. hxg5 Ke3 61. Rxa2 $15) 60. Rxa1 Rxa1 61. hxg5 Be3 62. g6 Bh6 63. Kf6 Ra6+ 64. Be6 Ra7 65. Bf7 Ra6+ $2 ({Better is} 65... Ke4 $19 {Strongly threatening ...Ra6+.} 66. g5 Bf8) 66. Ke7 $2 {[%mdl 8192]} (66. Be6 $11) 66... Bg7 (66... Ke5 $142 {( -> ...Ra7+)} 67. Kd7 Rd6+ 68. Kc7 Bg7) 67. Be6 (67. Be8 $19) 67... Ke5 68. Bf5 Ra7+ 69. Ke8 Kf6 70. Kd8 Bf8 (70... Bh6 $142 71. Kc8 Bf4 72. Kd8 Bd2 73. Bd3 Ba5+ 74. Kc8 Rc7+ 75. Kb8 Kg7 76. Bf5 Rc4 77. Be6 Rc1 78. Bd7 Rc3 79. Bf5 Bb6 80. Kb7 Bd8 81. Be4 Rc7+ 82. Kb8 Re7 83. Bf5 Bb6 84. Bd3 Bd4 85. Bf5 Kf6 86. Kc8 Ke5 87. g7 Rxg7 88. Kd8 Kd6 89. Ke8 Be3 90. Kf8 Bh6 91. Bd3 Rxg4+ 92. Kf7 Ke5 93. Bg6 Rg3 94. Bc2 Rg7+ 95. Ke8 Kd6 96. Bd1 Re7+ 97. Kd8 Bg5 98. Bh5 Rh7+ {[%mdl 64] Discovered Attack} 99. Ke8 Rxh5 100. Kf7 Rh6 101. Kf8 Ke6 102. Kg7 Be3 103. Kf8 Rg6 104. Ke8 Rg8#) 71. Ke8 (71. Kc8 $19) 71... Be7 {Black mates.} 72. g7 Kxg7 73. Bd7 Bf6 74. Bf5 Bg5 75. Bd7 Ra8+ {Accuracy: White = 47%, Black = 72%.} (75... Ra6 $142 76. Bc6 Rxc6 77. Kd7 Rg6 78. Ke8 Kg8 79. Kd7 Kf7 80. Kc8 Ke7 81. Kb8 Kd7 82. Kb7 Bf4 83. Ka8 Kc7 84. Ka7 Be3+ 85. Ka8 Rg8#) 0-1

[Event "FIDE-Online-Steinitz-Memorial-Women"]
[Site "Internet"]
[Date "2020.05.16"]
[Round "10"]
[White "Lagno, Kateryna"]
[Black "Cori T., Deysi"]
[Result "1-0"]
[WhiteElo "2608"]
[BlackElo "2391"]
[Annotator "TA"]
[PlyCount "69"]
[EventDate "2020.05.15"]
[EventType "tourn"]
[SourceTitle "playchess.com"]
[Source "ChessBase"]
[SourceQuality "1"]

{[%evp 10,69,64,31,45,44,39,46,62,52,41,38,51,55,144,123,209,205,338,330,330,338,337,328,446,346,350,349,386,389,384,305,308,307,343,314,355,311,348,342,362,355,377,346,368,356,414,449,422,369,359,344,364,364,427,393,465,431,511,390,455,378]} 1. e4 d5 2. exd5 Qxd5 3. Nc3 Qd6 4. d4 Nf6 5. Nf3 a6 6. h3 Nc6 {B01: Scandinavian Defence.} 7. Bc4 b5 8. Bd3 Bb7 {White is slightly better.} 9. O-O {[#]} Nb4 $146 ({Predecessor:} 9... g6 10. Be3 Bg7 11. Qd2 O-O 12. Rad1 Qb4 13. Qc1 Qa5 14. a3 b4 15. axb4 Nxb4 {½-½ (34) Ferrera Gonzalez,C (1816)-Gonzalez Moreno,J (1624) Tenerife 2018}) 10. Be2 e6 11. a4 $36 {[%mdl 2048] White fights for an advantage.} bxa4 (11... c6 $14) 12. Nxa4 $16 (12. Rxa4 $6 Be7 $14) 12... Be7 (12... Be4 $16 {keeps fighting.}) 13. Nc5 $18 Bc6 (13... Qc6 $142) 14. c3 Nbd5 15. Ne5 (15. Rxa6 Rxa6 16. Bxa6 O-O $16) 15... O-O 16. Bf3 ({Not} 16. Rxa6 Rxa6 17. Bxa6 Be8 $16) 16... Rfd8 17. Nxc6 Qxc6 18. c4 Bxc5 19. cxd5 ({Much less strong is} 19. dxc5 Qxc5 20. cxd5 Nxd5 $18) 19... Nxd5 20. dxc5 Qxc5 21. Qe2 a5 22. Bg5 Rd7 23. Rac1 Qb4 24. Rc4 Qb3 25. Rfc1 h6 26. Bh4 a4 27. Bg3 Rad8 28. Be5 a3 29. bxa3 Qxa3 30. Kh2 ({Don't play} 30. Bxc7 Nxc7 31. Rxc7 Rxc7 $18) 30... Qf8 31. Bxd5 Rxd5 32. Rxc7 Rd2 33. Qf3 R2d3 34. Qe4 R3d5 35. h4 {White took control after the opening. Accuracy: White = 89%, Black = 38%.} 1-0

[Event "FIDE-Online-Steinitz-Memorial-Women"]
[Site "Internet"]
[Date "2020.05.16"]
[Round "10"]
[White "Lei, Tingjie"]
[Black "Khademalsharieh, Sarasadat"]
[Result "0-1"]
[WhiteElo "2530"]
[BlackElo "2431"]
[Annotator "TA"]
[PlyCount "70"]
[EventDate "2020.05.15"]
[EventType "tourn"]
[SourceTitle "playchess.com"]
[Source "ChessBase"]
[SourceQuality "1"]

{[%evp 12,70,60,53,33,48,43,45,24,30,46,38,45,27,24,27,69,60,50,10,25,0,0,0,0,0,0,0,5,0,11,16,24,-8,0,-80,-90,-184,-106,-401,-400,-390,-379,-1029,-1006,-1567,-1553,-1249,-12,-12,-12,-12,0,-1245,-816,-29979,-29980,-29980,-29980,-29986,-29987]} 1. e4 e5 2. Nf3 Nc6 3. Bb5 a6 4. Ba4 Nf6 5. O-O Bc5 6. c3 b5 7. Bc2 d5 {C78: Ruy Lopez: Archangelsk and Möller Defences.} 8. d4 {[#] Strongly threatening exd5.} dxe4 {[%cal Re5d4]} 9. Nxe5 Nxe5 {White is slightly better.} 10. dxc5 Qxd1 11. Rxd1 Bg4 12. Re1 O-O-O 13. a4 Kb7 {[#]} 14. axb5 $146 ({Predecessor:} 14. Bg5 Nd3 15. Bxd3 exd3 16. f3 Bf5 17. Nd2 Rde8 18. Red1 Nd5 19. axb5 axb5 20. Nb3 {0-1 (47) Gnilka,T (2350)-Brodt,A (2368) ICCF email 2018}) 14... axb5 15. Bg5 {Threatens to win with Na3.} Nd3 $1 {[%cal Rd3e1]} 16. Bxd3 exd3 17. f3 Be6 18. Nd2 Ra8 19. Bxf6 gxf6 20. Kf2 Kc6 21. b4 Rhe8 22. g4 f5 23. g5 (23. Rxa8 $11 {remains equal.} Rxa8 24. gxf5 Bxf5 25. Re5) 23... f4 $17 24. h4 (24. Rxa8 $17 {was called for.} Rxa8 25. Re4) 24... Ra4 (24... Bd5 $19 {White must now prevent ...Rxe1.} 25. Ne4 Ra4) 25. Rxa4 $4 {[%mdl 8192]} (25. Rad1 $17 {was forced.}) 25... bxa4 {[%mdl 4096] Endgame KRB-KRN} 26. c4 a3 27. Ra1 $2 (27. Kg1 Bd7 28. Ra1) 27... Bf5 $19 28. Ne4 Bxe4 29. fxe4 Rxe4 $2 (29... d2 $19 30. Kf3 Rd8) 30. Rxa3 {KR-KR} Rd4 31. Ke1 f3 32. Ra2 $2 {[%mdl 8192]} (32. Ra6+ $11 Kb7 33. Rf6) 32... Rxc4 {[#] ...Rc1+ is the strong threat.} 33. Rf2 Rc1+ {Black mates.} 34. Kd2 Rc2+ 35. Ke3 Rxf2 {Accuracy: White = 37%, Black = 87%.} 0-1

[Event "FIDE-Online-Steinitz-Memorial-Women"]
[Site "Internet"]
[Date "2020.05.16"]
[Round "10"]
[White "Tan, Zhongyi"]
[Black "Paehtz, Elisabeth"]
[Result "1/2-1/2"]
[WhiteElo "2510"]
[BlackElo "2396"]
[Annotator "TA"]
[PlyCount "90"]
[EventDate "2020.05.15"]
[EventType "tourn"]
[SourceTitle "playchess.com"]
[Source "ChessBase"]
[SourceQuality "1"]

{[%evp 9,90,15,43,8,45,35,46,35,41,38,38,39,68,51,135,110,97,97,98,101,142,111,221,213,213,225,226,221,344,341,413,347,478,366,380,383,376,362,544,535,559,559,537,517,556,539,527,334,314,227,297,181,179,0,236,200,273,235,346,251,259,245,250,253,431,322,332,270,352,326,331,330,347,0,0,0,0,0,0,0,0,0,0]} 1. d4 e6 2. g3 c5 3. Nf3 cxd4 4. Nxd4 Qa5+ {[#]} 5. Qd2 $146 ({Predecessor:} 5. Nc3 Nf6 6. Bg2 d5 7. O-O Be7 8. e4 dxe4 9. Nxe4 Nxe4 10. Bxe4 O-O 11. c3 Nd7 12. Re1 {½-½ (57) Livaic,L (2505)-Bukal,V (2393) Zadar 2019}) 5... Qxd2+ 6. Nxd2 {A43: Schmid Benoni.} (6. Bxd2 {feels hotter.} a6 7. Bg2 Nf6 8. c4 Be7 9. O-O) 6... d5 7. Bg2 Nf6 8. c4 {White is slightly better.} Bc5 9. Nb5 {Threatens to win with Nc7+.} Na6 10. O-O Bd7 11. Nc3 $36 {[%cal Rc4d5][%mdl 2048] White has some pressure.} d4 (11... Bc6 $14) 12. Bxb7 {Strongly threatening Nce4.} dxc3 13. Nb3 Rb8 14. Bxa6 Bb4 15. c5 Ne4 {[#]} (15... e5 $16) 16. Bf4 $1 $18 {[%cal Rf4b8]} cxb2 {[#]} 17. Rab1 $1 {[%cal Ba1b1,Bb1b2,Bb2c2][%mdl 32]} Rd8 18. Rxb2 Bc6 (18... Bxc5 {keeps fighting.} 19. Bc7 Bb6) 19. Rc2 g5 20. Be3 h6 21. f3 Nf6 22. Bd4 Ke7 23. Be5 Rd5 (23... Nd7 {was called for.}) 24. Bd6+ Kd7 25. e4 Rxd6 26. cxd6 Bxd6 27. Rd1 e5 28. Bc4 {Black must now prevent Rcd2.} Ke7 29. Kg2 Ba4 30. Rcd2 Bb4 31. Rc2 $2 (31. Re2 $18) 31... Rc8 $2 (31... Bd6 $1 $11) 32. Bd3 Rd8 33. Rc4 a5 (33... Bxb3 $142 34. axb3 a5 35. Rc7+ Kf8) 34. Rc7+ Kf8 35. Be2 Rxd1 36. Bxd1 Bb5 $2 (36... Ng8 37. Be2 Ne7) 37. Nc1 g4 38. Be2 Ba4 39. Bc4 gxf3+ 40. Kxf3 Bd1+ 41. Ke3 $2 (41. Be2 $18 Ba4 42. Nd3) 41... Ng4+ $11 {[%mdl 64] Double Attack. The position is equal.} 42. Kd3 Nf2+ 43. Ke3 Ng4+ {[%mdl 64] Double Attack} 44. Kd3 Nf2+ 45. Ke3 Ng4+ {[%mdl 64] Double Attack. Accuracy: White = 61%, Black = 35%.} 1/2-1/2

[Event "FIDE-Online-Steinitz-Memorial-Women"]
[Site "Internet"]
[Date "2020.05.16"]
[Round "10"]
[White "Stefanova, Antoaneta"]
[Black "Abdumalik, Zhansaya"]
[Result "0-1"]
[WhiteElo "2485"]
[BlackElo "2409"]
[Annotator "TA"]
[PlyCount "56"]
[EventDate "2020.05.15"]
[EventType "tourn"]
[SourceTitle "playchess.com"]
[Source "ChessBase"]
[SourceQuality "1"]

{[%evp 11,55,0,1,-4,-7,-9,23,18,46,50,50,0,0,-14,70,12,27,16,27,14,42,22,39,10,17,18,18,22,12,5,6,-51,-36,-41,-33,-38,-21,-20,-37,-24,-20,-31,-19,-29989,-29990,-29999]} 1. d4 Nf6 2. g3 g6 3. Bg2 Bg7 4. c3 d5 5. Nf3 O-O 6. O-O b6 7. Bf4 {D02: 1 d4 d5 2 Nf3 sidelines, including 2...Nf6 3 g3 and 2...Nf6 3 Bf4.} Bb7 8. a4 {[%cal Ba2a4,Ba4a5][%mdl 32] [#]} a6 $146 ({Predecessor:} 8... c5 9. Na3 Nc6 10. Ne5 Nh5 11. Nxc6 Bxc6 12. Be3 cxd4 13. cxd4 Qd7 14. Nb1 Nf6 {½-½ (28) Zvjaginsev,V (2642)-Christiansen,J (2539) Skopje 2019}) 9. a5 {White has an edge.} b5 10. Nbd2 Nbd7 11. Ne5 c5 12. Nxd7 Qxd7 (12... Nxd7 $11 13. Nf3 Rc8) 13. Nb3 (13. dxc5 $14 Rac8 14. Nb3) 13... c4 $11 14. Nc5 Qc6 15. Be5 Bc8 16. Re1 Ra7 17. e4 (17. Qd2 {is interesting.} Bf5 18. Rad1 Rd8 19. h3 h5 20. Qe3) 17... Nxe4 18. Bxg7 Kxg7 19. Nxe4 dxe4 20. Bxe4 Qf6 21. b3 ({Better is} 21. Bg2 $11) 21... cxb3 $15 22. Qxb3 Be6 23. d5 Bh3 {aiming for ...Rc7.} 24. c4 bxc4 25. Qxc4 Rc8 $40 {[%mdl 128] Black attacks.} 26. Qb3 Rac7 27. Qb6 $2 {[%mdl 8192] [#]} (27. Rad1 $11) 27... Qxa1 $1 {[%cal Ra1e1]} 28. Qxc7 Qxe1# {Accuracy: White = 61%, Black = 78%.} ({Not} 28... Rxc7 29. Rxa1 Bd7 30. Bd3 $15) 0-1

[Event "FIDE-Online-Steinitz-Memorial-Women"]
[Site "Internet"]
[Date "2020.05.16"]
[Round "10"]
[White "Sebag, Marie"]
[Black "Kosteniuk, Alexandra"]
[Result "1/2-1/2"]
[WhiteElo "2482"]
[BlackElo "2521"]
[Annotator "TA"]
[PlyCount "106"]
[EventDate "2020.05.15"]
[EventType "tourn"]
[SourceTitle "playchess.com"]
[Source "ChessBase"]
[SourceQuality "1"]

{[%evp 11,106,25,27,35,39,7,29,10,10,19,17,8,7,11,19,11,14,0,29,0,38,-8,37,-35,-9,-37,-42,-45,-13,-18,-18,-25,-22,-31,10,10,10,10,7,0,0,0,0,0,0,0,0,0,0,0,0,0,0,-87,0,-137,-164,-161,-51,-77,0,0,-3,-29994,-14,-139,-140,-142,-142,-29991,0,0,0,0,0,0,0,0,0,0,0,0,0,0,0,0,0,0,0,0,0,0,0,0,0,0,0]} 1. e4 c6 2. d4 d5 3. exd5 cxd5 4. Bd3 Nc6 5. c3 Nf6 6. Nf3 g6 7. O-O {B13: Caro-Kann: Exchange Variation and Panov-Botvinnik Attack.} Bf5 8. Re1 e6 9. Bf4 {White has an edge.} Bxd3 10. Qxd3 Bg7 11. Nbd2 O-O 12. h3 a6 13. Ne5 {[#]} Nd7 $146 ({Predecessor:} 13... Rc8 14. Qe3 Nxe5 15. Bxe5 Nd7 16. Bxg7 Kxg7 17. Nf3 Qf6 {½-½ (17) Hermann,M-Sehner,N (2285) Germany 1985}) 14. Ndf3 Re8 15. Re2 Rc8 16. Rae1 b5 17. a4 (17. Ng4 $14) 17... Ndxe5 18. Nxe5 (18. dxe5 {looks sharper.} b4 19. Qxa6 bxc3 20. bxc3 Na5 21. Ra2) 18... Nxe5 19. Bxe5 Qb6 20. Bxg7 Kxg7 21. axb5 axb5 22. h4 b4 23. h5 $1 bxc3 24. bxc3 Rc6 25. Qg3 Qc7 26. Qh4 {And now h6+ would win.} Qe7 ({But not} 26... Rxc3 $2 27. h6+ Kf8 28. Qf6 $1 $18 {[%mdl 512]}) 27. Qh2 Rxc3 28. Qe5+ Kg8 29. h6 {[%csl Gh6][%cal Re5g7]} Qf8 30. Qf4 Rc6 31. Ra1 f6 32. Ra7 (32. Rea2 $11) 32... Re7 (32... g5 $17 33. Qe3 Qxh6) 33. Rea2 (33. Rxe7 $11 {remains equal.} Qxe7 34. g3) 33... g5 $36 {[%mdl 2048] White is under strong pressure.} 34. Qd2 Rcc7 (34... Rxa7 $19 35. Rxa7 Qxh6) 35. Ra8 {[#]} Re8 ({Black should play} 35... Rc8 $1 $17 {[%cal Rc8a8]} 36. Rxc8 Qxc8) 36. Rxe8 $11 Qxe8 {[%mdl 4096] Endgame KQR-KQR} 37. Qa5 $2 {[%mdl 8192]} (37. g4 $11) 37... Qc8 $2 (37... Rc1+ 38. Kh2 Qh5+ {[%mdl 64] Double Attack} 39. Kg3 Qh4+ {[%mdl 64] Double Attack} 40. Kf3 Qe4+ 41. Kg3 Qf4+ 42. Kh3 Qh4#) 38. g3 {[#]} (38. g4 $1 $11 {keeps the balance.}) 38... Kf7 $1 $17 39. Qb6 Kg6 40. Ra6 $2 {[%mdl 8192]} (40. Kg2 $17) 40... Kxh6 $2 (40... Rc1+ {mates} 41. Kg2 Qc4 42. Qb2 Qf1+ 43. Kf3 Re1 44. Qb1+ Rxb1 45. Rxe6 Qd1+ {[%mdl 64] Double Attack} 46. Re2 f5 47. g4 f4 48. Kg2 Qh1#) 41. Qxe6 $11 {The position is equal.} Qxe6 42. Rxe6 {KR-KR} Kg6 {White must now prevent ...Rc4.} 43. Rd6 Kf5 44. Rxd5+ Ke4 45. Rd6 f5 46. Kg2 f4 47. gxf4 gxf4 48. Re6+ Kxd4 49. Kf3 Rf7 50. Re4+ Kd5 51. Rxf4 Rg7 52. Rf5+ Ke6 53. Rh5 Rf7+ {Accuracy: White = 64%, Black = 68%.} 1/2-1/2

[Event "FIDE-Online-Steinitz-Memorial-Women"]
[Site "Internet"]
[Date "2020.05.16"]
[Round "11"]
[White "Lei, Tingjie"]
[Black "Sebag, Marie"]
[Result "1-0"]
[WhiteElo "2530"]
[BlackElo "2482"]
[Annotator "TA"]
[PlyCount "145"]
[EventDate "2020.05.15"]
[EventType "tourn"]
[SourceTitle "playchess.com"]
[Source "ChessBase"]
[SourceQuality "1"]

{[%evp 12,145,5,26,32,4,21,22,14,23,21,6,11,20,27,21,30,28,42,21,38,22,25,14,49,8,11,6,30,33,33,15,33,30,64,42,94,89,106,103,79,0,0,0,0,0,0,0,105,67,95,95,98,103,108,109,129,114,100,93,102,105,175,57,139,139,129,61,61,61,61,61,61,51,70,72,152,115,368,350,631,619,696,687,640,578,687,662,718,691,1239,940,1583,1558,1664,1477,6091,5601,2187,5289,29961,29964,29962,6613,29955,6780,29979,29978,29978,29978,29978,29979,29980,29977,29977,29975,29981,29982,29984,29984,29984,29985,29985,29986,29986,29987,29990,29988,29988,29989,29989,29990,29992,29993,29997,5421]} 1. e4 c5 2. Nf3 d6 3. d4 cxd4 4. Nxd4 Nf6 5. Nc3 a6 6. h3 e5 7. Nde2 h5 {B90: Sicilian Najdorf: Unusual White 6th moves, 6 Be3 Ng4 and 6 Be3 e5.} 8. Nd5 Nxd5 9. Qxd5 Nc6 {The position is equal.} 10. Qd1 Be6 11. Nc3 Rc8 12. Be2 Nd4 13. Bd3 Be7 14. Nd5 {[#]} Nc6 $146 {[%cal Bd4c6,Bc6e7,Be7g6,Bg6f4][%mdl 32]} ({Predecessor:} 14... Bg5 15. O-O Bxc1 16. Rxc1 Qg5 17. Kh1 Rh6 18. f4 exf4 19. Nxf4 Nc6 20. Be2 h4 21. Nxe6 Rxe6 {½-½ (27) Chen,Q (2431)-Gabuzyan,H (2613) Chicago 2019}) 15. c3 Bg5 16. Bxg5 Qxg5 17. Ne3 h4 18. Qf3 O-O 19. O-O Ne7 20. Rfd1 Ng6 21. Bc2 Nf4 22. Kh1 Rcd8 23. Bb3 g6 ({Black should try} 23... Nh5 $14) 24. Rd2 $16 Bxb3 25. axb3 d5 26. Rad1 (26. exd5 $16 f5 27. Qd1) 26... dxe4 $11 27. Qxe4 Rxd2 28. Rxd2 b5 29. Rd6 Ne6 (29... Rd8 $11 30. Rxd8+ (30. Rxa6 Nd3 $11) 30... Qxd8) 30. Ng4 (30. Qc6 {looks sharper.} Qf4 31. Kg1 b4 32. Qb6 Kg7 33. Rd1) 30... Qf4 31. Qxe5 Qxe5 32. Nxe5 $16 {[%mdl 4096] Endgame KRN-KRN} Re8 33. Nd3 Ng5 34. Rd5 Ne4 35. Kg1 Nd2 {[#]} 36. b4 $1 Kg7 {[#]} (36... Nc4 $16) 37. Rd4 ({Better is} 37. Ne5 $1 $18) 37... Nc4 (37... Re2 $14) 38. Rxh4 Re2 39. b3 (39. Kf1 $16 Rc2 40. Rd4) 39... Nd2 $1 $14 40. Rd4 Nxb3 41. Rd7 Rd2 42. Ne5 Rxd7 43. Nxd7 {KN-KN} f5 (43... Nd2 $142) 44. Nb8 Kf7 $2 {[%mdl 8192] This costs Black the game.} (44... Nd2 $16 {was necessary.}) 45. Nxa6 $18 Ke6 $2 (45... Nc1 46. Kf1 Na2) 46. Nc7+ {[%mdl 64] Double Attack} Kd6 47. Nxb5+ Kd5 48. Nd4 Nd2 49. f3 Nb1 50. Ne2 Kc4 51. Kf2 Na3 52. h4 Nb5 53. g4 fxg4 54. fxg4 Nd6 55. h5 gxh5 56. gxh5 Kd5 57. Ke3 (57. h6 $142 Ne4+ 58. Kg2 Ng5 59. Kg3 Ke6 60. b5 Kf7 61. Kf4 Ne6+ 62. Ke5) 57... Ke5 58. h6 Kf6 59. Kd4 {White mates.} Nf5+ 60. Kd5 Nxh6 61. b5 Ke7 62. Nd4 Kd7 63. c4 Kc7 64. c5 Ng8 65. Ne6+ Kb7 66. Kd6 Nf6 67. c6+ Kb6 68. c7 Kb7 69. Nc5+ Kc8 70. b6 {[%csl Gc5][%cal Bb5b6,Bb6b7][%mdl 32]} Ne8+ 71. Kc6 {[%csl Gc5,Gc6][%cal Rb6b7]} Nxc7 72. b7+ Kb8 73. Nd7+ {Accuracy: White = 81%, Black = 52%.} 1-0